<?xml version="1.0" encoding="UTF-8"?>
<record
    xmlns:xsi="http://www.w3.org/2001/XMLSchema-instance"
    xsi:schemaLocation="http://www.loc.gov/MARC21/slim http://www.loc.gov/standards/marcxml/schema/MARC21slim.xsd"
    xmlns="http://www.loc.gov/MARC21/slim">

  <leader>01488cam a22002532a 4500</leader>
  <datafield tag="999" ind1=" " ind2=" ">
    <subfield code="c">86269</subfield>
    <subfield code="d">323546</subfield>
  </datafield>
  <controlfield tag="003">OSt</controlfield>
  <controlfield tag="005">20241021142357.0</controlfield>
  <controlfield tag="008">090131s2024    su a   f m    000 0 eng c</controlfield>
  <datafield tag="040" ind1=" " ind2=" ">
    <subfield code="a">Ma-Un</subfield>
    <subfield code="b">ara</subfield>
    <subfield code="c">Ma-Un</subfield>
  </datafield>
  <datafield tag="043" ind1=" " ind2=" ">
    <subfield code="a">a-su---</subfield>
  </datafield>
  <datafield tag="082" ind1="0" ind2="4">
    <subfield code="a">616.075</subfield>
    <subfield code="b">Z R E</subfield>
    <subfield code="2">21</subfield>
  </datafield>
  <datafield tag="100" ind1="1" ind2=" ">
    <subfield code="a">Al Zahrani, Riyadh Mohammed A.</subfield>
    <subfield code="9">118483</subfield>
  </datafield>
  <datafield tag="245" ind1="1" ind2="0">
    <subfield code="a">Early detection of breast cancer using advanced infrared thermography and classification using convolutional neural networks =</subfield>
    <subfield code="b">&#x627;&#x644;&#x643;&#x634;&#x641; &#x627;&#x644;&#x645;&#x628;&#x643;&#x631; &#x639;&#x646; &#x633;&#x631;&#x637;&#x627;&#x646; &#x627;&#x644;&#x62B;&#x62F;&#x64A; &#x628;&#x627;&#x633;&#x62A;&#x62E;&#x62F;&#x627;&#x645; &#x627;&#x644;&#x62A;&#x635;&#x648;&#x64A;&#x631; &#x627;&#x644;&#x62D;&#x631;&#x627;&#x631;&#x64A; &#x628;&#x627;&#x644;&#x623;&#x634;&#x639;&#x629; &#x627;&#x644;&#x645;&#x62A;&#x642;&#x62F;&#x645;&#x629; &#x62A;&#x62D;&#x62A; &#x627;&#x644;&#x62D;&#x645;&#x631;&#x627;&#x621; &#x648;&#x627;&#x644;&#x62A;&#x635;&#x646;&#x64A;&#x641; &#x628;&#x627;&#x633;&#x62A;&#x62E;&#x62F;&#x627;&#x645; &#x627;&#x644;&#x634;&#x628;&#x643;&#x627;&#x62A; &#x627;&#x644;&#x639;&#x635;&#x628;&#x64A;&#x629; &#x627;&#x644;&#x627;&#x644;&#x62A;&#x641;&#x627;&#x641;&#x64A;&#x629; /</subfield>
    <subfield code="c">Prepared by Riyadh Mohammed A. Al Zahrani &#x61B; Mohamed Yacin Sikkandar.</subfield>
  </datafield>
  <datafield tag="246" ind1="3" ind2="1">
    <subfield code="a">&#x627;&#x644;&#x643;&#x634;&#x641; &#x627;&#x644;&#x645;&#x628;&#x643;&#x631; &#x639;&#x646; &#x633;&#x631;&#x637;&#x627;&#x646; &#x627;&#x644;&#x62B;&#x62F;&#x64A; &#x628;&#x627;&#x633;&#x62A;&#x62E;&#x62F;&#x627;&#x645; &#x627;&#x644;&#x62A;&#x635;&#x648;&#x64A;&#x631; &#x627;&#x644;&#x62D;&#x631;&#x627;&#x631;&#x64A; &#x628;&#x627;&#x644;&#x623;&#x634;&#x639;&#x629; &#x627;&#x644;&#x645;&#x62A;&#x642;&#x62F;&#x645;&#x629; &#x62A;&#x62D;&#x62A; &#x627;&#x644;&#x62D;&#x645;&#x631;&#x627;&#x621; &#x648;&#x627;&#x644;&#x62A;&#x635;&#x646;&#x64A;&#x641; &#x628;&#x627;&#x633;&#x62A;&#x62E;&#x62F;&#x627;&#x645; &#x627;&#x644;&#x634;&#x628;&#x643;&#x627;&#x62A; &#x627;&#x644;&#x639;&#x635;&#x628;&#x64A;&#x629; &#x627;&#x644;&#x627;&#x644;&#x62A;&#x641;&#x627;&#x641;&#x64A;&#x629;</subfield>
  </datafield>
  <datafield tag="264" ind1=" " ind2=" ">
    <subfield code="a">2024</subfield>
    <subfield code="c">1445.</subfield>
  </datafield>
  <datafield tag="300" ind1=" " ind2=" ">
    <subfield code="a">64 sheets :</subfield>
    <subfield code="b">illustrations &#x61B;</subfield>
    <subfield code="c">30 cm.</subfield>
  </datafield>
  <datafield tag="500" ind1=" " ind2=" ">
    <subfield code="a">Mohamed Yacin Sikkandar.</subfield>
  </datafield>
  <datafield tag="502" ind1=" " ind2=" ">
    <subfield code="a">Thesis (Master) - Al-Majmaah University, Faculty of Applied Medical Sciences, Department of Medical Equipment Technology, 1445.</subfield>
  </datafield>
  <datafield tag="504" ind1=" " ind2=" ">
    <subfield code="a">Includes bibliographical references.</subfield>
  </datafield>
  <datafield tag="650" ind1=" " ind2="7">
    <subfield code="a">Diagnostic</subfield>
    <subfield code="x">Techniques</subfield>
    <subfield code="9">118474</subfield>
  </datafield>
  <datafield tag="650" ind1=" " ind2="7">
    <subfield code="a">Breast</subfield>
    <subfield code="x">Cancer</subfield>
    <subfield code="9">118484</subfield>
  </datafield>
  <datafield tag="650" ind1=" " ind2="7">
    <subfield code="a">Infrared spectroscopy</subfield>
    <subfield code="9">11949</subfield>
  </datafield>
  <datafield tag="942" ind1=" " ind2=" ">
    <subfield code="2">ddc</subfield>
    <subfield code="c">THESIS</subfield>
  </datafield>
  <datafield tag="952" ind1=" " ind2=" ">
    <subfield code="1">0</subfield>
    <subfield code="2">2024-10-21</subfield>
    <subfield code="4">0</subfield>
    <subfield code="7">1</subfield>
    <subfield code="a">616.075 Z R E</subfield>
    <subfield code="d">2024-10-21</subfield>
    <subfield code="h">CL</subfield>
    <subfield code="i">00505037</subfield>
    <subfield code="m">CL</subfield>
    <subfield code="r">2024-10-21 00:00:00</subfield>
    <subfield code="t">THESIS</subfield>
    <subfield code="w">ddc</subfield>
    <subfield code="y">0</subfield>
  </datafield>
</record>
